000 00621nam a2200193 i 4500
001 bg
245 0 0 _aGeodezja :
_bgeodezyjna osnowa szczegółowa /
_cTadeusz Lazzarini [et al.].
260 _aWarszawa ;
_aWrocław :
_bPaństwowe Przedsiębiorstwo Wydawnictw Kartograficznych im. Eugeniusza Romera,
_c1990.
300 _a427, [1] s. :
_bfot., mapy, rys., wykr. ;
_c26 cm.
504 _aBibliogr. s. 426-427.
700 1 _aLazzarini, Tadeusz.
020 _a8370000649
040 _cBPK
041 _apol
080 _a528(075.8)
920 _a83-7000-064-9
942 _cKS
008 s pl f |000 0 pol
999 _c6466
_d6466
856 _uhttp://koha.tu.koszalin.pl/cgi-bin/koha/opac-detail.pl?biblionumber=6466
_yKatalog online BPK